| Tag |
First Indicator |
Second Indicator |
Subfields |
| LEADER |
00000cjm a2200000Ia 4500 |
| 001 |
in00001746936 |
| 005 |
20151025061444.0 |
| 007 |
sd fsngnn---ed |
| 008 |
030407p20022001fr snn ghi d |
| 024 |
1 |
0 |
|a 093046729820
|
| 028 |
0 |
0 |
|a HMU 907298--HMU 907299
|b Harmonia Mundi France
|
| 028 |
0 |
0 |
|a HMU 907298.99
|b Harmonia Mundi France
|
| 033 |
2 |
0 |
|a 20011105
|a 20020208
|
| 035 |
|
|
|a (OCoLC)ocm51987012
|
| 035 |
|
|
|a (OCoLC)ocm51987012
|
| 040 |
|
|
|a CIN
|c CIN
|d JED
|d TXA
|d UtOrBLW
|
| 041 |
0 |
|
|g eng
|g fre
|g ger
|
| 049 |
|
|
|a TXAM
|
| 090 |
|
|
|a M219
|b .C68 op. 5 2002
|
| 100 |
1 |
|
|a Corelli, Arcangelo,
|d 1653-1713.
|
| 240 |
1 |
0 |
|a Sonatas,
|m violin, continuo,
|n op. 5
|
| 245 |
1 |
0 |
|a Violin sonatas, op. 5 /
|c Arcangelo Corelli.
|
| 264 |
|
0 |
|a Los Angeles, CA :
|b Production USA,
|
| 264 |
|
1 |
|a Arles :
|b Harmonia Mundi France ;
|c [2002]
|
| 264 |
|
4 |
|c ℗2002
|
| 300 |
|
|
|a 2 sound discs (2 hr., 11 min.) :
|b digital, stereo ;
|c 4 3/4 in.
|
| 306 |
|
|
|a 021111
|
| 336 |
|
|
|a performed music
|b prm
|2 rdacontent
|
| 337 |
|
|
|a audio
|b s
|2 rdamedia
|
| 338 |
|
|
|a audio disc
|b sd
|2 rdacarrier
|
| 511 |
0 |
|
|a Andrew Manze, violin ; Richard Egarr, harpsichord.
|
| 518 |
|
|
|a Recorded Nov. 5-8, 2001 and Feb. 5-8, 2002, Skywalker Sound, Nicasio, Calif.
|
| 500 |
|
|
|a Compact disc.
|
| 500 |
|
|
|a Program notes in English, French and German in container.
|
| 505 |
0 |
|
|a I in D major (12:06) -- II in B-flat major (10:12) -- III in C major (11:48) -- IV in F major (10:45) -- V in G minor (11:01) -- VI in A major (11:00) -- VII in D minor (9:02) -- VIII in E minor (11:51) -- IX in A major (11:20) -- X in F major (10:32) -- XI in E major (8:37) -- XII in D minor, "Follia" (12:12)
|
| 500 |
|
|
|a Sound recording.
|
| 650 |
|
0 |
|a Sonatas (Violin and harpsichord)
|
| 700 |
1 |
|
|a Manze, Andrew,
|e instrumentalist.
|
| 700 |
1 |
|
|a Egarr, Richard,
|d 1963-
|e instrumentalist.
|
| 948 |
|
|
|a cataloged
|b h
|c 2003/11/26
|d c
|e fpiscitelli
|f 3:08:10 pm
|
| 994 |
|
|
|a E0
|b TXA
|
| 999 |
|
|
|a MARS
|
| 999 |
f |
f |
|s e4b4b9ff-5614-3956-b895-ad99fbbf2112
|i 2afc09c4-7bf1-360b-8091-f075291aeb55
|t 0
|
| 952 |
f |
f |
|p ric
|a Texas A&M University
|b Rellis Campus
|c Joint Library Facility
|d Remote Storage
|t 0
|e M219 .C68 op. 5 2002
|h Library of Congress classification
|i audio -- audio disc
|m A14830401097
|
| 952 |
f |
f |
|p ric
|a Texas A&M University
|b Rellis Campus
|c Joint Library Facility
|d Remote Storage
|t 0
|e M219 .C68 op. 5 2002
|h Library of Congress classification
|i audio -- audio disc
|m A14833763155
|
| 998 |
f |
f |
|a M219 .C68 op. 5 2002
|t 0
|l Remote Storage
|
| 998 |
f |
f |
|a M219 .C68 op. 5 2002
|t 0
|l Remote Storage
|